000 00666nam a2200217Ia 4500
001 1540
003 GE_BSU
008 181216s||||||||xx |||||||||||||| ||und||
040 _cGE_BSU
080 _a94(072)
245 _aМетодика историко-краеведческой работы в школе
245 _bПособие для учителей
245 _cПод ред.Н.С. Борисова
260 _aМосква
260 _b,,Просвещение
260 _c1982
300 _a223стр.
541 _h6л.
653 _aМетодика историко-краеведческой работы в школе
942 _cBK
999 _c35667
_d35667